00437nam a2200145Ia 4500008004100000020001500041041000800056082001500064100004200079245006900121250000600190260004600196300001200242650003700254210716s2003 xx 000 0 und d a818538617X aeng a658.3 MILG aMilkovich, George T;Boudreau, John W. aPersonal: human resource management.bHuman resource management. a5 aNew DelhibBusiness Publication Incc2003 axvi,872 aHuman Resource Management(658.3)